Missing Word: Tim McGraw (A-Z) Quiz Stats

 Plays Quiz Updated Feb 23, 2018

Score 0/23 Timer 03:00
0 Plays Today
Song Answer % Correct
Where the Green Grass _____Grows
93.5%
Grown _____ Don't CryMen
92.7%
My Next Thirty _____Years
91%
Like We _____ Loved at AllNever
88.9%
Maybe We Should _____ Sleep on ItJust
88.7%
Live Like You Were _____Dying
87.7%
_____ Remember MePlease
86.3%
For a _____ WhileLittle
85.4%
Just to See You _____ Smile
79%
She's My _____ of RainKind
76.8%
She Never Lets It Go to Her _____Heart
75.6%
Down on the _____Farm
69.4%
Song Answer % Correct
Don't _____ the GirlTake
65.9%
_____ OutlawIndian
60.4%
My _____ FriendOld
58.4%
Back _____When
54.4%
You Get _____ to SomebodyUsed
49.7%
The _____ in MeCowboy
45.4%
When the Stars Go _____Blue
42.4%
_____ All the TimeAngry
33.1%
_____ of a WomanEyes
26.8%
Red _____Ragtop
24.7%
Southern _____Voice
21.8%

Today's Daily Dose

Missing Word
Arizona A-Z

Word Ladder
Greek Letters II

Get the Picture
US National Parks

You're not logged in!

Compare scores with friends on all Sporcle quizzes.
OR
Log In

You Might Also Like...

Show Comments

Extras

Top Quizzes Today


Score Distribution

Your Account Isn't Verified!

In order to create a playlist on Sporcle, you need to verify the email address you used during registration. Go to your Sporcle Settings to finish the process.

Report this User

Report this user for behavior that violates our Community Guidelines.

Details: